| 000 | 00983cam a22002775a 4500 | ||
|---|---|---|---|
| 999 |
_c26824 _d26796 |
||
| 001 | 14760446 | ||
| 005 | 20180731101249.0 | ||
| 008 | 070307s2008 nyua frb 001 0 eng d | ||
| 010 | _a 2007009178 | ||
| 020 | _a9780071266345 | ||
| 020 | _a0071266348 | ||
| 040 |
_aDLC _beng _cDLC _dDLC _dEG-ScBUE |
||
| 082 | 0 | 4 |
_a658.83 _bESS _222 |
| 245 | 0 | 0 |
_aEssentials of marketing research / _cJoseph F. Hair... [et al.]. |
| 250 | _a1st ed., International ed. | ||
| 260 |
_aNew York : _bMcGraw-Hill / Higher Education, _c2008. |
||
| 300 |
_axvi, 382 p. : _bill. ; _c26 cm. |
||
| 500 | _aIncludes bibliographical references (p. [358]-361) and index. | ||
| 650 | 7 |
_aMarketing research. _2BUEsh |
|
| 651 | _2BUEsh | ||
| 653 |
_bBUSADM _cJuly2018 |
||
| 700 | 1 | _aHair, Joseph F. | |
| 856 | 4 | 1 |
_3Table of contents only _uhttp://www.loc.gov/catdir/toc/ecip0713/2007009178.html |
| 856 | 4 | 2 |
_3Publisher description _uhttp://www.loc.gov/catdir/enhancements/fy0713/2007009178-d.html |
| 942 | _2ddc | ||